Normal view
MARC view
- الديمقراطية -- الاحزاب السياسية -- الاردن
Entry Topical Term
001 - CONTROL NUMBER
- control field: 36230
003 - CONTROL NUMBER IDENTIFIER
- control field: JO-AjAnu
005 - DATE AND TIME OF LATEST TRANSACTION
- control field: 20230606080042.0
008 - FIXED-LENGTH DATA ELEMENTS
- fixed length control field: 230606|| aca||aabn | a|a d
040 ## - CATALOGING SOURCE
- Original cataloging agency: JO-AjAnu
- Transcribing agency: JO-AjAnu
150 ## - HEADING--TOPICAL TERM
- Topical term or geographic name entry element: الديمقراطية -- الاحزاب السياسية -- الاردن
670 ## - SOURCE DATA FOUND
- Source citation: Work cat.: (JO-AjAnu)18601: تأليف أبو خوصة ، أحمد, author 36229, الديمقراطية والأحزاب السياسية الأردنية " تحت التأسيس "